| 000 | 00949cam a2200241 4500 | ||
|---|---|---|---|
| 001 | ABS63382 | ||
| 008 | 000000n2001 000 0 eng u | ||
| 035 | _a(Sirsi) u110753 | ||
| 100 | _aBrewer, G. | ||
| 245 | _aJarvis claims that it was lured to tender | ||
| 260 | _c2001 | ||
| 490 |
_aContract Journal _v407(6312) 31 January 2001, 25(1) |
||
| 520 | _aDiscusses "Jarvis v Castle Wharf Developments and others" (2001) confirming that the employer's professional agents could be found liable for negligent mis-statements made to the contractor although, in this instance, it was found that Jarvis had not relied on those made by Gleeds. | ||
| 590 | _aABS | ||
| 650 | _aBUILT ENVIRONMENT-BUILDING CONTRACT FORMS | ||
| 650 | _aEMPLOYERS AGENTS | ||
| 650 | _aLIABILITY | ||
| 650 | _aJARVIS V CASTLE WHARF DEVELOPMENTS | ||
| 650 | _aMISREPRESENTATION | ||
| 650 | _aMISSTATEMENTS | ||
| 690 | _aBUILDING AND CONSTRUCTION-LAW | ||
| 942 | _n0 | ||
| 999 |
_c66016 _d66016 |
||